000 00794nam a22002657a 4500
003 CHAP
005 20220329141657.0
008 971013s1981 r 00010 d
010 _a72052
011 _a73024
035 _a82581
040 _cCHAP
090 _aFolleto 6812
110 _aCanada. Department of Agriculture
_918180
245 _aFeeding and managing livestock during a feed shortage
260 _a(Ottawa) :
_b(s.e.),
_c1981?
300 _a27 p.
_b: ilus
590 _aBATCH-UPD
_b10
_c20130110
_lUCH01
_h2019
590 _aBATCH-UPD
_b10
_c20130410
_lUCH01
_h1337
590 _aCONVERSION
_b10
_c20130109
_lUCH01
_h1339
650 1 4 _aAlimentos y alimentacion del ganado.
_94326
901 _aBK
942 _cFOLL
949 _aFolleto 6812
_bBC
_cFOLL
_d-36726
_eTS1
_i82581
_mD
_si
999 _c72052
_d72052